| 000 | 00505nam a2200169Ia 4500 | ||
|---|---|---|---|
| 008 | 230917s9999||||xx |||||||||||||| ||und|| | ||
| 020 | _cRS195 | ||
| 040 |
_e224484 _aMAIN |
||
| 041 | _aEnglish | ||
| 082 | _a891.433721 GZ946M | ||
| 100 | _aगुलजार | ||
| 245 | 0 | _aमेरे अपने | |
| 260 |
_aनई दिल्ली _bराधाकृष्ण प्रकाशन _c2007 |
||
| 300 | _a111 पृ. p. | ||
| 500 | _a1929 05/02/2015 RP7637 19/02/2015 Main Budget | ||
| 942 | _cBK | ||
| 999 |
_c14359 _d14359 |
||